| 000 | 00456nam a2200157Ia 4500 | ||
|---|---|---|---|
| 008 | 240729s9999 xx 000 0 und d | ||
| 022 | _a2538-2144 | ||
| 245 | 0 | _aHerbal Medicines Journal | |
| 260 | _aIran, Islamic Republic of | ||
| 260 | _bLorestan University of Medical Sciences | ||
| 650 | _a Pharmacy and materia medica | ||
| 650 | _aMedicine | ||
| 856 | _uhttps://doaj.org/toc/13b503de1eca432ab91bf905986b13a9 | ||
| 942 | _2ddc | ||
| 942 | _cDOAJEJ | ||
| 999 |
_c71120 _d71120 |
||
| 945 |
_a1 _bMadushi Gamage _c1 _dMadushi Gamage |
||